000 00764nam a2200313Ia 4500
008 190123s9999 xx 000 0 und d
020 _a9780531217863
050 _bM342 2016
100 _aMarisco, Kate
245 0 _aExtreme places the wttest and the driest /
245 0 _cby Katie Marsico.
260 _aNew York, New York :
260 _bChildren's Press,
260 _c2016
300 _a48 pages :
300 _bcolored illustrations ;
300 _c22cm.
440 _aA true book.
500 _a990L
650 _aChile --
650 _aDroughts.
650 _aExtreme environments.
650 _aFloods.
650 _aIndia --
650 _xAtacama Desert.
650 _xMeghalaya.
700 _aSeries.
700 _aTitle.
999 _c361142
_d361142